|
|
|
|
| LEADER |
01093nab a2200253 i 4500 |
| 001 |
acta76164 |
| 005 |
20220711121142.0 |
| 008 |
220711s2011 hu o 0|| eng d |
| 022 |
|
|
|a 1788-5345
|
| 040 |
|
|
|a SZTE Egyetemi Kiadványok Repozitórium
|b hun
|
| 041 |
|
|
|a eng
|
| 100 |
1 |
|
|a Bodnár Ákos
|
| 245 |
1 |
0 |
|a Feed preference and general behaviour of alpacas in Szeged Zoo
|h [elektronikus dokumentum] /
|c Bodnár Ákos
|
| 260 |
|
|
|a Szegedi Tudományegyetem Mezőgazdasági Kar
|b Hódmezővásárhely
|c 2011
|
| 300 |
|
|
|a 526
|
| 490 |
0 |
|
|a Agrár- és vidékfejlesztési szemle
|v 6 No. 1
|
| 650 |
|
4 |
|a Mezőgazdaság-tudományok
|
| 650 |
|
4 |
|a Állattenyésztési és tejtermelési tudomány
|
| 695 |
|
|
|a Állattartás - állatkerti - Szeged - előadáskivonat, Takarmányozás - alpaka - előadáskivonat
|
| 700 |
0 |
1 |
|a Prágai Andrea
|e aut
|
| 700 |
0 |
1 |
|a Veprik Róbert
|e aut
|
| 700 |
0 |
2 |
|a K. Molnár Andrea
|e aut
|
| 710 |
|
|
|a Traditions, innovation, sustainability (2011) (Hódmezővásárhely)
|
| 856 |
4 |
0 |
|u http://acta.bibl.u-szeged.hu/76164/1/agrarszemle_2011_001_suppl_526.pdf
|z Dokumentum-elérés
|